| 000 | 00684nas a2200241 4500 | ||
|---|---|---|---|
| 001 | BR9203338 | ||
| 003 | BR-BrBNA | ||
| 005 | 20231205092630.0 | ||
| 007 | ta | ||
| 008 | 230509b bl.|||p| |||| 00| 00por d | ||
| 040 |
_aBR-BrBNA _bpor _cBiblioteca Nacional de Agricultura |
||
| 041 | _a(Pt) | ||
| 072 | _aL02; F01 | ||
| 100 | 1 | _aRocha, N. de L. | |
| 245 | 1 | _aLeucena: fonte de proteinas para os rebalhos | |
| 650 | _aLEUCAENA | ||
| 650 | _aNUTRICAO ANIMAL | ||
| 650 | _aPRATICA CULTURAL | ||
| 650 | _aEPOCA DE PLANTIO | ||
| 773 | 0 |
_tLavoura (Brazil) _xISSN 0023-9135 _g(Oct-Dec 1989), p. 12-15 _wBR9203338 |
|
| 909 |
_a202311 _bLúcia _c55 _dLúcia Elande |
||
| 942 |
_2AGRIS _n0 _cANA |
||
| 999 |
_c133018 _d133018 |
||